Robotic Systems for Handling and Assembly

Although parallel robots are known to offer many advantages with respect to accuracy, dynamics, and stiffness, major breakthroughs in industrial applications have not yet taken place. This is due to a knowledge gap preventing fast and precise execution of industrial handling and assembly tasks. This...

Full description

Bibliographic Details
Corporate Author: SpringerLink (Online service)
Other Authors: Schütz, Daniel (Editor), Wahl, Friedrich M. (Editor)
Format: Electronic eBook
Language:English
Published: Berlin, Heidelberg : Springer Berlin Heidelberg, 2011.
Series:Springer Tracts in Advanced Robotics, 67
Subjects:
Online Access:Full Text via HEAL-Link
LEADER 03068nam a22005055i 4500
001 978-3-642-16785-0
003 DE-He213
005 20151120220435.0
007 cr nn 008mamaa
008 101129s2011 gw | s |||| 0|eng d
020 |a 9783642167850  |9 978-3-642-16785-0 
024 7 |a 10.1007/978-3-642-16785-0  |2 doi 
040 |d GrThAP 
050 4 |a TJ210.2-211.495 
050 4 |a T59.5 
072 7 |a TJFM1  |2 bicssc 
072 7 |a TEC037000  |2 bisacsh 
072 7 |a TEC004000  |2 bisacsh 
082 0 4 |a 629.892  |2 23 
245 1 0 |a Robotic Systems for Handling and Assembly  |h [electronic resource] /  |c edited by Daniel Schütz, Friedrich M. Wahl. 
264 1 |a Berlin, Heidelberg :  |b Springer Berlin Heidelberg,  |c 2011. 
300 |a XXIII, 459 p.  |b online resource. 
336 |a text  |b txt  |2 rdacontent 
337 |a computer  |b c  |2 rdamedia 
338 |a online resource  |b cr  |2 rdacarrier 
347 |a text file  |b PDF  |2 rda 
490 1 |a Springer Tracts in Advanced Robotics,  |x 1610-7438 ;  |v 67 
505 0 |a Part I Kinematics, Dynamics - Modeling and Design -- Part II Implemented Systems -- Part III Control and Programming. 
520 |a Although parallel robots are known to offer many advantages with respect to accuracy, dynamics, and stiffness, major breakthroughs in industrial applications have not yet taken place. This is due to a knowledge gap preventing fast and precise execution of industrial handling and assembly tasks. This book focuses on the design, modeling, and control of innovative parallel structures as well as the integration of novel machine elements. Special attention is paid to the integration of active components into lightweight links and passive joints. In addition, new control concepts are introduced to  minimize structural vibrations. Although the optimization of robot systems itself allows a reduction of cycle times, these can be further decreased by improved path planning, robot programming, and automated assembly planning concepts described by 25 contributions within this book. The content of this volume is subdivided into four main parts dealing with Modeling and Design, System Implementation, Control and Programming as well as Adaptronics and Components. This book is aimed at researchers and postgraduates working in the field of parallel robots as well as practicing engineers dealing with industrial robot development and robotic applications. 
650 0 |a Engineering. 
650 0 |a Artificial intelligence. 
650 0 |a Robotics. 
650 0 |a Automation. 
650 1 4 |a Engineering. 
650 2 4 |a Robotics and Automation. 
650 2 4 |a Artificial Intelligence (incl. Robotics). 
700 1 |a Schütz, Daniel.  |e editor. 
700 1 |a Wahl, Friedrich M.  |e editor. 
710 2 |a SpringerLink (Online service) 
773 0 |t Springer eBooks 
776 0 8 |i Printed edition:  |z 9783642167843 
830 0 |a Springer Tracts in Advanced Robotics,  |x 1610-7438 ;  |v 67 
856 4 0 |u http://dx.doi.org/10.1007/978-3-642-16785-0  |z Full Text via HEAL-Link 
912 |a ZDB-2-ENG 
950 |a Engineering (Springer-11647)